| 000 | 004170000a22001810004500 | ||
|---|---|---|---|
| 003 | MACL | ||
| 005 | 20160105162718.0 | ||
| 008 | 160105b xxu||||| |||| 00| 0 eng d | ||
| 040 |
_aMACL _cMACL |
||
| 041 | _aEnglish | ||
| 082 | _a821/SAN | ||
| 100 |
_aSanthi, S _928253 |
||
| 245 | _aArangetral | ||
| 260 |
_bArnold Heinemann _c1973 _aIndia |
||
| 350 | _a20 | ||
| 650 |
_aPoetry _928254 |
||
| 942 |
_cBK _k821/SAN _2ddc |
||
| 999 |
_c36213 _d36213 |
||